1516 1289 1985 1979 1228 1833 1348 1626 1345 1667 1623 1482 1929 1411 1674 1485 1209 1626 1038 1226 1846 1296 1681 1191 1826 1423 1586 1365 1619 1448 1954 1484 1708 1358 1714 1012 1644 1753 1230 1351 1803 1503 1679 1904 1644 1591 1285 1762 1183 1740 1704 1457 1061 1673 1154 1347 1798 1345 1720 1774 1602 1962 1438 1881 1843 1519 1373 1895 1186 1726 1591 1297 1925 1865 1893 1007 1002 1381 1694 1062 1882 1083 1557 1689 1546 1083 1489 1525 1023 1058 1028 1410 1035 1471 1052 1265 1115 1189 1327 BCNSPRNW ULIB Ver.6.0+V

เปลี่ยนเป็นภาษาไทย

Change to English
 แสดงรายละเอียดบรรณานุกรม
  กลับหน้าหลัก

Brief Record : Get Marc (ISO 2709) : E-mail record : QR code < ปิดหน้าต่าง
LEADER : 00000nam 2200000uu 4500
001    13399115200
003     ULIB
008    120727s2552||||th 000 0 tha d
020    ^a978611000147
099    ^aนว.^bร147ซ
100 0  ^a ร่มแก้ว
245 00 ^aปฐพีเล่ห์รัก/^cร่มแก้ว
250    ^aพิมพ์ครั้งที่ 1
260    ^aกรุงเทพฯ :^bพิมพ์คำ,^c2552
300    ^a324 หน้า
945    ^p230^l0^i16170
995    ^a กัณชพร
999    ^aใช้งานได้ทุกระบบ
รายการนี้ยังไม่มีแท็ก
คุณยังไม่ได้ล็อกอิน คุณสามารถมีกิจกรรมร่วมกับเว็บไซต์ได้ แต่ต้องล็อกอินก่อน ::
  ล็อกอิน

รายการสื่อสารสนเทศ

ลำดับที่ ประเภท เลขเรียก/บาร์โค้ด สถานที่ สถานะ
1. วิทยาศาสตร์การแพทย์ และสุขภาพ
วิทยาศาสตร์การแพทย์ และสุขภาพ
นว. ร147ซ  
  Barcode: 16170
ห้องสมุดวิทยาเขตสวรรค์ประชารักษ์
►นวนิยาย
บนชั้น
  ขอยืม

รายการใกล้เคียง
    ผู้แต่ง [ร่มแก้ว]

BibComment


ยังไม่เคยถูกคอมเมนท์

คอมเมนท์ทรัพยากรรายการนี้
  คอมเมนท์: ปฐพีเล่ห์รัก ร่ม..


 Copyright 2026. Bcnsprnw @Library